000 00775nam a22002177a 4500
003 UA-OsUOA
001 88951
007 ta
008 20121023b un ||||| |||| 00| 0 ukr d
100 _aХіврич С.
090 _a81
_bХ54
942 _cSA
040 _aUA-OsUOA
_bukr
_cUA-OsUOA
_dUA-OsUOA
245 _aРозвиток мислння і мовлення учнів у процесі вивчення шкільного курсу української мови
300 _aС.24-39
955 _a0
041 _aukr
080 _a81
773 0 _w88950
_tУкраїнська мова і література в школі
_dК.
_d2012
_g10
650 7 _a8 Мовознавство. Художня література. Літературознавство
_2UDC
999 _c375211
_d375211